| 000 | 00546nam a22001697a 4500 | ||
|---|---|---|---|
| 999 |
_c14287 _d14287 |
||
| 008 | 160929b xxu||||| |||| 00| 0 eng d | ||
| 020 | _a0135935253 | ||
| 050 |
_aQA 276.12 _b.F738 1984 |
||
| 100 | _aFreund, John E. | ||
| 245 |
_aModern elementary statistics/ _cJohn E. Freund |
||
| 250 | _a6th ed. | ||
| 260 |
_aNew Jersey(englewood) : _bPrentice-hall, _c1984. |
||
| 300 |
_axii, 561p. : _bill. ; _c23cm. |
||
| 500 | _aIncludes bibliography and index. | ||
| 650 | _aStatistics. | ||
| 942 |
_2lcc _cBOOKS _hQA 276.12 .F738 1984 _01 |
||